<?xml version="1.0" encoding="UTF-8" ?>
<collection xmlns="http://www.loc.gov/MARC21/slim"><record><leader>01261nab a2200301 nc4500</leader><controlfield tag="001">25370</controlfield><controlfield tag="003">CH-000273-5</controlfield><controlfield tag="005">20171221140303.0</controlfield><datafield tag="035" ind1=" " ind2=" "><subfield code="a">(OCoLC)906881706</subfield></datafield><datafield tag="040" ind1=" " ind2=" "><subfield code="a">CH-000273-5</subfield><subfield code="b">ger</subfield><subfield code="e">rda</subfield></datafield><datafield tag="041" ind1=" " ind2=" "><subfield code="a">ger</subfield></datafield><datafield tag="041" ind1=" " ind2=" "><subfield code="a">fre</subfield></datafield><datafield tag="245" ind1="0" ind2="0"><subfield code="a">Dada Almanach</subfield><subfield code="c">im Auftrag des Zentralamtes der deutschen Dada-Bewegung herausgegeben von Richard Huelsenbeck</subfield></datafield><datafield tag="264" ind1="0" ind2="1"><subfield code="a">Berlin</subfield><subfield code="b">Erich Reiss Verlag</subfield><subfield code="c">[1920]</subfield></datafield><datafield tag="300" ind1=" " ind2=" "><subfield code="a">159 Seiten</subfield><subfield code="b">Illustrationen</subfield><subfield code="c">18,2 x 13,4 cm</subfield></datafield><datafield tag="336" ind1=" " ind2=" "><subfield code="a">Text</subfield><subfield code="b">txt</subfield><subfield code="2">rdacontent</subfield></datafield><datafield tag="337" ind1=" " ind2=" "><subfield code="a">ohne Hilfsmittel zu benutzen</subfield><subfield code="b">n</subfield><subfield code="2">rdamedia</subfield></datafield><datafield tag="338" ind1=" " ind2=" "><subfield code="a">Band</subfield><subfield code="b">nc</subfield><subfield code="2">rdacarrier</subfield></datafield><datafield tag="510" ind1="4" ind2="0"><subfield code="a">Dada in Zürich, 1985</subfield><subfield code="c">S. 211, Nr. 86</subfield></datafield><datafield tag="546" ind1=" " ind2=" "><subfield code="a">Text überwiegend deutsch, teilweise französisch</subfield></datafield><datafield tag="562" ind1=" " ind2=" "><subfield code="a">Auf der ersten Seite in Kugelschreiber: &quot;Für Herrn Bolliger mit Grüssen und Dada-Wünschen von Richard Huelsenbeck, Zürich, Juni 22/1955&quot;</subfield></datafield><datafield tag="610" ind1="2" ind2="7"><subfield code="a">Kunsthaus Zürich</subfield><subfield code="x">Dadaismus</subfield><subfield code="x">Sammlung</subfield><subfield code="2">gnd</subfield></datafield><datafield tag="650" ind1="0" ind2="7"><subfield code="a">Dadaismus</subfield><subfield code="2">gnd</subfield></datafield><datafield tag="655" ind1="0" ind2="7"><subfield code="a">Quelle</subfield><subfield code="2">gnd-content</subfield></datafield><datafield tag="700" ind1="1" ind2="0"><subfield code="0">(DE-588)118554387</subfield><subfield code="a">Huelsenbeck, Richard</subfield><subfield code="d">1892-1974</subfield><subfield code="e">Herausgeber</subfield><subfield code="4">edt</subfield></datafield><datafield tag="767" ind1=" " ind2=" "><subfield code="t">Almanach dada</subfield><subfield code="w">(CH-000273-5)217996</subfield></datafield><datafield tag="852" ind1="4" ind2="0"><subfield code="a">CH-000273-5</subfield><subfield code="c">DADA III:39</subfield></datafield><datafield tag="856" ind1="4" ind2="1"><subfield code="u">https://digital.kunsthaus.ch/viewer/image/25370/1/</subfield><subfield code="y">Kunsthaus Zürich Sammlungen online</subfield></datafield></record></collection>